=LDR 00000nam 2200000 4500 =001 NUTBA000000000001433 =005 20221024074233 =035 ##$$a 0010-041400000000703 =008 221024################g##########0#ind## =020 ##$$a 978-979-29-3320-8 =082 ##$$a 392.2 =090 ##$$a 392.2 $b Win b =100 ##$$a winkanda satria putra =245 1#$$a Batu Berdaun dan Puluhan Dongeng dari Nusantara /$c Winkanda Satria Putra & Mentari Pujiana Yusuf =260 ##$$a Yogyakarta :$b Nyo-Nyo,$c 2012 =300 ##$$a x, 326 hlm ; $c 19 cm. =700 #$$a Mentari Pujiana Yusuf =850 ##$$a NBPDMAT =084 ##$$a 392.2 WIN b =650 #4$$a Dongeng anak =990 ##$$a 21195176/BPAP-NTB/2014 =990 ##$$a 21400613/BPAP-NTB/20142014 =990 ##$$a 0001/BPAP-NTB/20142014 =990 ##$$a 0001/BPAP-NTB/20142015 =990 ##$$a 21195176/BPAP-NTB/2014 =990 ##$$a 21400613/BPAP-NTB/20142014 =990 ##$$a 0001/BPAP-NTB/20142014 =990 ##$$a 0001/BPAP-NTB/20142015